Actors who worked with Sam Raimi - Statistics

General Stats
  • This quiz has been taken 67 times
    23 since last reset
  • The average score is 30 of 84
Answer Stats
Films Answer % Correct
Spider-Man, Spider-Man 2, Spider-Man 3, Oz the Great and Powerful James Franco
100%
Doctor Strange in the Multiverse of Madness Benedict Cumberbatch
90%
Doctor Strange in the Multiverse of Madness Elizabeth Olsen
90%
Spider-Man, Spider-Man 2, Spider-Man 3 Tobey Maguire
90%
Spider-Man 2 Alfred Molina
80%
Doctor Strange in the Multiverse of Madness Benedict Wong
80%
Spider-Man 2, Spider-Man 3, Doctor Strange in the Multiverse of Madness, The Evil Dead, Evil Dead II, Send Help, Army of Darkness, Oz the Great and Powerful Bruce Campbell
80%
Send Help Rachel McAdams
80%
Spider-Man, Spider-Man 2, Spider-Man 3 Willem Dafoe
80%
Doctor Strange in the Multiverse of Madness Chiwetel Ejiofor
70%
Spider-Man, Spider-Man 2, Spider-Man 3, The Gift, For Love of the Game J. K. Simmons
70%
Spider-Man, Spider-Man 2, Spider-Man 3 Kirsten Dunst
70%
Send Help Dylan O'Brien
60%
Spider-Man, Spider-Man 2, Spider-Man 3 Elizabeth Banks
60%
Spider-Man, Spider-Man 2, Spider-Man 3, The Evil Dead. Evil Dead II, Army of Darkness, Oz the Great and Powerful Ted Raimi
60%
Spider-Man 3 Bryce Dallas Howard
50%
Doctor Strange in the Multiverse of Madness Hayley Atwell
50%
Doctor Strange in the Multiverse of Madness John Krasinski
50%
The Gift Keanu Reeves
50%
Darkman Liam Neeson
50%
Oz the Great and Powerful Mila Kunis
50%
Doctor Strange in the Multiverse of Madness Patrick Stewart
50%
Spider-Man 3 Thomas Haden Church
50%
Spider-Man 3 Topher Grace
50%
A Simple Plan Bill Paxton
40%
The Gift Cate Blanchett
40%
Spider-Man, Spider-Man 2, Spider-Man 3 Cliff Robertson
40%
The Gift Giovanni Ribisi
40%
Drag Me to Hell Justin Long
40%
For Love of the Game Kevin Costner
40%
Oz the Great and Powerful Rachel Weisz
40%
Spider-Man, Spider-Man 2, Spider-Man 3, The Gift Rosemary Harris
40%
Doctor Strange in the Multiverse of Madness Xochitl Gomez
40%
A Simple Plan Billy Bob Thornton
30%
Doctor Strange in the Multiverse of Madness Charlize Theron
30%
Spider-Man 2 Donna Murphy
30%
Darkman Frances McDormand
30%
The Quick and the Dead Gene Hackman
30%
The Gift Greg Kinnear
30%
The Gift Hilary Swank
30%
Spider-Man 3 James Cromwell
30%
For Love of the Game John C. Reilly
30%
The Gift Katie Holmes
30%
Doctor Strange in the Multiverse of Madness Lashana Lynch
30%
The Quick and the Dead Leonardo DiCaprio
30%
Oz the Great and Powerful Michelle Williams
30%
Spider-Man Octavia Spencer
30%
The Quick and the Dead Russell Crowe
30%
The Quick and the Dead Sharon Stone
30%
Deag Me to Hell Alison Lohman
20%
The Evil Dead Betsy Baker
20%
Drag Me to Hell Bojana Novakovic
20%
Army of Darkness, A Simple Plan Bridget Fonda
20%
Evil Dead II Dan Hicks
20%
Spider-Man 2 Daniel Dae Kim
20%
Send Help Dennis Haysbert
20%
Spider-Man 2, Spider-Man 3 Dylan Baker
20%
Send Help Edyll Ismail
20%
The Evil Dead Ellen Sandweis
20%
Army of Darkness Embeth Davidtz
20%
Spider-Man 2 Emily Deschanel
20%
Army of Darkness Ian Abercrombie
20%
Doctor Strange in the Multiverse of Madness Jett Klyne
20%
Spider-Man 2 Joel McHale
20%
Spider-Man, Spider-Man 3 Joe Manganiello
20%
Oz the Great and Powerful Joey King
20%
Doctor Strange in the Multiverse of Madness Julian Hilliard
20%
The Quick and the Dead Keith David
20%
For Love of the Game Kelly Preston
20%
Doctor Strange in the Multiverse of Madness Michael Stuhlbarg
20%
Send Help Xavier Samuel
20%
Oz the Great and Powerful Zach Braff
20%
Oz the Great and Powerful Bill Cobbs
10%
For Love of the Game Brian Cox
10%
For Love of the Game Jena Malone
10%
Evil Dead II Kassie DePaiva
10%
The Gift Kim Dickens
10%
The Quick and the Dead Lance Henriksen
10%
Crimewave Louise Lasser
10%
Army of Darkness Marcus Gilbert
10%
Crimewave Reed Birney
10%
The Evil Dead Richard DeManincor
10%
Evil Dead II Sarah Berry
10%
The Evil Dead Theresa Tilly
10%
No matching quizzes found
Score Distribution
Percent of People with Each Score
Percentile by Number Answered
Your Score History
You have not taken this quiz since the last reset